Construction management duties (Record no. 76061)
[ view plain ]
| 000 -LEADER | |
|---|---|
| fixed length control field | 01380cab a2200181 4500 |
| 001 - CONTROL NUMBER | |
| control field | ##L131378 |
| 008 - FIXED-LENGTH DATA ELEMENTS--GENERAL INFORMATION | |
| fixed length control field | 051027n2005 000 0 eng u |
| 035 ## - SYSTEM CONTROL NUMBER | |
| System control number | (Sirsi) u131378 |
| 041 0# - LANGUAGE CODE | |
| Language code of text/sound track or separate title | eng |
| 100 1# - MAIN ENTRY--PERSONAL NAME | |
| Personal name | Brewer, Geoff |
| 245 00 - TITLE STATEMENT | |
| Title | Construction management duties |
| 260 ## - PUBLICATION, DISTRIBUTION, ETC. | |
| Date of publication, distribution, etc. | 2005 |
| 490 ## - SERIES STATEMENT | |
| Series statement | Contract Journal |
| Volume/sequential designation | 430(6544) 28 September 2005, 30(1) |
| 520 ## - SUMMARY, ETC. | |
| Summary, etc. | Discusses the implications of "Great Eastern Hotel Company Ltd v John Laing Construction Ltd and Laing Construction plc" ([2005], EWHC 181, L129378). GE engaged JL as construction manager for the redevelopment of a hotel. The project substantially overran both as to time and cost and GE commenced proceedings against JL for losses incurred. It was held that JL were in fundamental breach of the obligations in the management contract to manage, administer and coordinate the work of the trade contractors, and GE were entitled to damages similar to those awarded against a traditional main contractor under a lump sum contract. The author argues that as a result of this decision, parties to construction management contracts may well view the process with more caution, and tighten up procedures and performance requirements. |
| 650 24 - SUBJECT ADDED ENTRY--TOPICAL TERM | |
| Topical term or geographic name entry element | GREAT EASTERN HOTEL COMPANY LTD V JOHN LAING CONSTRUCTION LTD |
| 690 ## - LOCAL SUBJECT ADDED ENTRY--TOPICAL TERM (OCLC, RLIN) | |
| Topical term or geographic name as entry element | BUILT ENVIRONMENT-CONSTRUCTION MANAGEMENT-BUILDING CONTRACT ADMINISTRATION |
| 942 ## - ADDED ENTRY ELEMENTS (KOHA) | |
| Suppress in OPAC | 0 |
| Withdrawn status | Lost status | Source of classification or shelving scheme | Damaged status | Not for loan | Home library | Current library | Shelving location | Date acquired | Total Checkouts | Full call number | Barcode | Date last seen | Copy number | Price effective from | Koha item type |
|---|---|---|---|---|---|---|---|---|---|---|---|---|---|---|---|
| Dewey Decimal Classification | London | London | Journal article | 27/10/2005 | L131378 | 131378-1001 | 06/08/2019 | 1 | 06/08/2019 | Journal article |